000 00668nam a2200289Ia 4500
005 20260324133932.0
008 008 260324s9999 xx 000 0 eng d
020 _a9781315013329
037 _aEBOOK
040 _aCRL
040 _beng
040 _cCRL
041 _2eng
041 _aeng
084 _qCRL
100 _aIvy Bennett
_91194943
245 0 _aDelinquent and Neurotic Children
245 2 _bA comparative study
260 _bTaylor and Francis
260 _c2002
365 _a
365 _b120
856 _uhttp://www.taylorfrancis.com/books/9781315013329
942 _cEBOOK
999 _c1794515
_d1794515